| 000 | 01285nam0a2200313 4500 | ||
|---|---|---|---|
| 001 | RU\NLR\bibl\99881 | ||
| 005 | 20260407065311.0 | ||
| 010 |
_a5-93444-004-7 _93000 |
||
| 021 |
_aRU _b2000-11972 _9591 |
||
| 035 | _a(NLR Aleph) 000097651 | ||
| 090 |
_a550248 _c550248 |
||
| 100 | _a20000724d1999 |||y0rusy50 ca | ||
| 101 | 0 | _arus | |
| 102 | _aRU | ||
| 105 | _ay ||||||||| | ||
| 200 | 1 |
_aИз опыта преподавания прав человека в начальной и средней школе _eСб. метод. материалов _fМолодеж. центр прав человека и правовой культуры |
|
| 210 |
_aМ. _cCitizenship foundation и др. _d1999 |
||
| 215 |
_a255,[1] с. _d21 |
||
| 320 | _aБиблиогр. в подстроч. прим. | ||
| 606 | 0 |
_aПрава человека _jСборники _xИзучение в школе _91991302 _3RU\NLR\auth\66914261 |
|
| 686 | _aЧ426.38-1 | ||
| 712 | 0 | 2 |
_4570 _aМолодежный центр прав человека и правовой культуры _cМосква _3RU\NLR\AUTH\8810032760 _9564075 |
| 801 | 0 |
_aRU _bNLR _c20000724 _gPSBO |
|
| 801 | 1 |
_aRU _bNLR _c20000724 |
|
| 852 |
_aNLR _j99-5/4541 |
||
| 942 | _cBOOK | ||
| 980 | _aNB | ||